"T" Countries - World Map Sudden Death - Statistics

General Stats
  • This quiz has been taken 574 times
    569 since last reset
  • The average score is 9 of 12
Answers on the Grid
Answers color-coded by a green-red scale on the quiz's grid according to % correct below.
 
Answer Stats
Answer % Correct
Turkey, Turkmenistan, Tajikistan
91%
Turkey, Tunisia
89%
Thailand
80%
Togo
79%
Tuvalu
79%
Trinidad and Tobago
74%
Tajikistan, Turkmenistan
74%
Tanzania
73%
Tanzania
68%
Taiwan
61%
Tanzania
58%
Taiwan
57%
No matching quizzes found
Score Distribution
Percent of People with Each Score
Percentile by Number Answered
Your Score History
You have not taken this quiz since the last reset